A TEXTBOOK OF INTERVIEW JOURNALISM AND TELEVISION ANCHORING (Record no. 22108)
[ view plain ]
| 000 -LEADER | |
|---|---|
| fixed length control field | 00317nam a22001337a 4500 |
| 003 - CONTROL NUMBER IDENTIFIER | |
| control field | SGT |
| 020 ## - INTERNATIONAL STANDARD BOOK NUMBER | |
| International Standard Book Number | 81-7888-583-2 |
| 082 ## - DEWEY DECIMAL CLASSIFICATION NUMBER | |
| Classification number | 070 |
| Item number | GHO |
| 100 ## - MAIN ENTRY--PERSONAL NAME | |
| Personal name | GHOSE, SUPATRO |
| 245 ## - TITLE STATEMENT | |
| Title | A TEXTBOOK OF INTERVIEW JOURNALISM AND TELEVISION ANCHORING |
| 260 ## - PUBLICATION, DISTRIBUTION, ETC. (IMPRINT) | |
| Place of publication, distribution, etc | INDIA |
| Name of publisher, distributor, etc | DOMINAND |
| Year of Publication | 2011 |
| 300 ## - PAGE DESCRIPTION | |
| No. of Pages | 300 |
| 942 ## - ADDED ENTRY ELEMENTS (KOHA) | |
| Source of classification or shelving scheme | Dewey Decimal Classification |
| Koha item type | Books |
| Withdrawn status | Lost status | Source of classification or shelving scheme | Damaged status | Not for loan | Collection code | Home library | Current library | Shelving location | Date acquired | Vendor Name | Cost, normal purchase price | Volume Information (Serial or Books or Non-Book Material) | SGTU | Bill Number | Total Checkouts | Full call number | Accession No. (Barcode) | Date last seen | Bill Date | Koha item type |
|---|---|---|---|---|---|---|---|---|---|---|---|---|---|---|---|---|---|---|---|---|
| Dewey Decimal Classification | MASS COMMUNICATION | SGT Science & Social Sciences Library | SGT Science & Social Sciences Library | Text Book | 11/02/2022 | VANIPRAKASHAN | 2951.00 | 1 | SGTU | GV390 | 070 GHO | MC941 | 11/02/2022 | Books | ||||||
| Dewey Decimal Classification | MASS COMMUNICATION | SGT Science & Social Sciences Library | SGT Science & Social Sciences Library | Text Book | 11/02/2022 | VANIPRAKASHAN | 2951.00 | 1 | SGTU | GV390 | 070 GHO | MC942 | 11/02/2022 | Books | ||||||
| Dewey Decimal Classification | MASS COMMUNICATION | SGT Science & Social Sciences Library | SGT Science & Social Sciences Library | Text Book | 11/02/2022 | VANIPRAKASHAN | 2951.00 | 2 | SGTU | GV390 | 070 GHO | MC943 | 11/02/2022 | Books | ||||||
| Dewey Decimal Classification | MASS COMMUNICATION | SGT Science & Social Sciences Library | SGT Science & Social Sciences Library | Text Book | 11/02/2022 | VANIPRAKASHAN | 2951.00 | 2 | SGTU | GV390 | 070 GHO | MC944 | 11/02/2022 | Books |